000
00323nam a2200121Ia 4500
008
220216s9999 xx 000 0 und d
100
_a
Yogaratnam N
245
0
_a
Address safety and health-related issues in rubber sector
260
_b
Rubber Asia
_c
2011
300
_a
61-64,74
500
_a
Source Year: 2011
942
_c
JS
999
_c
53802
_d
53802